000 00779nam a22001937a 4500
999 _c172061
_d172061
005 20200127114605.0
010 _aUR-10685
020 _c50.00
_a9789389358056
035 _aU-9240
037 _bDBAD/PUB
_a-
082 _a843.8
100 _aنز ير فتح پو ر ی
245 _aمنا ظر عا شق ہر گا نو ی کا نا و ل "شبنمی لمس کے بعد "- ا يک تجز يہ
_cنز ير فتح پو ر ی
246 _bManazir Ashiq Harganvi Ka Novel Shabnami Lams Ke baad Ek Tajziya (Urdu)
_aby Dr. Nazir Fatehpuri
260 _aDelhi
_bEducational Publishing House
_c2019 ء
270 _a3191,Vakil Street,Kucha pandit,Lal kuan,
_bDelhi
_e6
_k23216162
_l-
300 _a40 ص
_c22 Cm(Hb)
942 _2ddc
_cUR
_h843.8
_mن ظ ی